| 000 | 00545nam a22002057a 4500 | ||
|---|---|---|---|
| 003 | OSt | ||
| 005 | 20170116180950.0 | ||
| 008 | 170116b xxu||||| |||| 00| 0 eng d | ||
| 020 | _a1897635397 | ||
| 040 | _cDMLN | ||
| 082 | _aMW105 M57p 2000 | ||
| 100 |
_aEdited Hinley, Peter; Kitson, Nicck _911397 |
||
| 245 | _aMental Health and Deafness | ||
| 260 | _aLondon; Whurr, 2000 | ||
| 300 | _axii,470p; ill: 25cm | ||
| 504 | _aAppendices, & index included | ||
| 650 |
_aMental health _93237 |
||
| 650 |
_aDeafness _911398 |
||
| 942 |
_2z _cO_SHELF |
||
| 999 |
_c5454 _d5454 |
||